00673nam a2200193Ia 4500008004100000020001400041082001500055100002300070245007000093250000800163260003800171300002700209500001900236600002100255650005000276942000700326952013100333999001500464240925s9999 xx 000 0 und d a133942554 a004.22 STA aStallings, William 0aComputer Organization and Architecture: designing for performance a4th aNew Delhi:bPrentice Hallc,1996. axiv,682p.bNAfPirated aIncludes Index aComputer Science aComputer science, information & general works cBK 011440708CSaUITUbUITUd1996-08-27eBismillah BookDepotg115.00l0o004.22 STApQ0623r2024-09-25 07:12:09w2024-09-25yBK c3122d3122